00625cam a22002291 450000100060000000300100000600500170001600800410003302000150007402000180008903500140010703500190012104000280014008200250016810000160019324500590020926000420026830000310031050000200034165000170036170000170037838706(BD-RjUL)20211209052838.0770728s1953 xx 000 0 eng  a8121936519 a9788121936514 a(BD-RjUL) a(OCoLC)3146411 aDLCc(BD-RjUL)dUkdDLC a537.53221bMEP 19801 aMehta, V.K.10aPrinciples of electronics.bV.K. Mehta and Rohit Mehta aNew Delhi,bS. Chand and co.,cc1980. axiv,778 p.billus.c25 cm. aIncludes Index. 0aElectronics. aMehta, Rohit